Statistics for WWE One Minute Quiz: Mark Henry

Click here to take the quiz!

General Stats

  • This quiz has been taken 257 times
  • The average score is 4 of 5

Answer Stats

QuestionAnswer% Correct
How Many Kids Does He Have?Two
93%
How Old is Mark Henry?Forty-Three
87%
What is His Finisher?World's Strongest Slam
75%
What is His Nickname?The World's Strongest Man
69%
Who is Mark Henry's Current Tag Team Partner? (October 2014)Big Show
68%

Score Distribution

Percentile by Number Answered

Percent of People with Each Score

Your Score History

You have not taken this quiz